<The> History of Marketing Thought

Saved in:
Bibliographic Details
Main Author: Bartels, Robert
Format: Book
Language:English
Published: Columbus Publishing Horizons 1988
Edition:3. ed.
Subjects:
Tags: Add Tag
No Tags, Be the first to tag this record!

MARC

LEADER 00000nam a2200000 4500
001 c021908
005 20221206134240.3
020 |a 0-942280-44-X 
041 0 |a eng 
044 |a US 
245 1 0 |a <The> History of Marketing Thought  |c Robert Bartels 
250 |a 3. ed. 
264 1 |a Columbus  |b Publishing Horizons  |c 1988 
300 |a 387 s. 
610 2 0 |a marketing 
610 2 0 |a reklama 
610 2 0 |a úver 
610 2 0 |a predaj 
610 2 0 |a manažment 
610 2 0 |a výskum 
610 2 0 |a marketing manažment 
610 2 0 |a myslenie ekonomické 
610 2 0 |a koncepcie 
100 1 |a Bartels, Robert